Sports Quiz

Random Sports or Canada Quiz

Montreal Canadiens All-time Stats Leaders Quiz Stats

 Plays Quiz not verified by Sporcle

Score 0/200 Timer 15:00
2 Plays Today
% Correct
Maurice Richard
97.6%
Maurice Richard
97.6%
Maurice Richard
97.6%
Maurice Richard
97.6%
Maurice Richard
97.6%
Maurice Richard
97.6%
Maurice Richard
97.6%
Henri Richard
97.5%
Henri Richard
97.5%
Henri Richard
97.5%
Henri Richard
97.5%
Henri Richard
97.5%
Guy Lafleur
96.7%
Guy Lafleur
96.7%
Guy Lafleur
96.7%
Guy Lafleur
96.7%
Guy Lafleur
96.7%
Guy Lafleur
96.7%
Guy Lafleur
96.7%
Guy Lafleur
96.7%
Guy Lafleur
96.7%
Guy Lafleur
96.7%
Jean Beliveau
94%
Jean Beliveau
94%
Jean Beliveau
94%
Jean Beliveau
94%
Jean Beliveau
94%
Jean Beliveau
94%
Jean Beliveau
94%
Jean Beliveau
94%
Patrick Roy
93.7%
Patrick Roy
93.7%
Patrick Roy
93.7%
Patrick Roy
93.7%
Larry Robinson
93.1%
Larry Robinson
93.1%
Larry Robinson
93.1%
Larry Robinson
93.1%
Larry Robinson
93.1%
Larry Robinson
93.1%
Larry Robinson
93.1%
Carey Price
91.8%
Carey Price
91.8%
Carey Price
91.8%
Carey Price
90.7%
Carey Price
90.7%
Ken Dryden
90.4%
Ken Dryden
90.4%
Ken Dryden
90.4%
Ken Dryden
90.4%
Jacques Plante
89.9%
Jacques Plante
89.9%
Jacques Plante
89.9%
Jacques Plante
89.9%
Saku Koivu
85%
Saku Koivu
85%
Saku Koivu
85%
Saku Koivu
85%
Steve Shutt
83.6%
Steve Shutt
83.6%
Steve Shutt
83.6%
Steve Shutt
83.6%
Steve Shutt
83.6%
Steve Shutt
83.6%
Serge Savard
83.2%
Serge Savard
83.2%
Yvan Cournoyer
82.3%
% Correct
Yvan Cournoyer
82.3%
Yvan Cournoyer
82.3%
Yvan Cournoyer
82.3%
Yvan Cournoyer
82.3%
Yvan Cournoyer
82.3%
Yvan Cournoyer
82.3%
Jose Theodore
82.3%
Jose Theodore
82.3%
Jose Theodore
82.3%
Jose Theodore
82.3%
Bernie Geoffrion
79.3%
Bernie Geoffrion
79.3%
Bernie Geoffrion
79.3%
Bernie Geoffrion
79.3%
Bernie Geoffrion
79.3%
Jacques Lemaire
79.2%
Jacques Lemaire
79.2%
Jacques Lemaire
79.2%
Jacques Lemaire
79.2%
Jacques Lemaire
79.2%
Jacques Lemaire
79.2%
Jacques Lemaire
79.2%
P.K. Subban
78.8%
Andrei Markov
78.8%
Andrei Markov
78.8%
Andrei Markov
78.8%
Bob Gainey
77.7%
Bob Gainey
77.7%
Andrei Markov
77.6%
Andrei Markov
77.6%
P.K. Subban
76.9%
Vincent Damphousse
75.5%
Vincent Damphousse
75.5%
Doug Harvey
75.3%
Doug Harvey
75.3%
Guy Lapointe
75.1%
Guy Lapointe
75.1%
Guy Lapointe
75.1%
Frank Mahovlich
72.6%
Frank Mahovlich
72.6%
Frank Mahovlich
72.6%
Frank Mahovlich
72.6%
Frank Mahovlich
72.6%
Pete Mahovlich
72.5%
Pete Mahovlich
72.5%
Pete Mahovlich
72.5%
Chris Chelios
71.8%
Chris Chelios
71.8%
Guy Carbonneau
71.8%
Howie Morenz
71.3%
Chris Nilan
68.6%
Dickie Moore
68.5%
Mats Näslund
67.1%
Mats Näslund
67.1%
Mats Näslund
67.1%
Mats Näslund
67.1%
Max Pacioretty
66.3%
Stephane Richer
62.5%
Tomas Plekanec
62.4%
George Hainsworth
62.1%
George Hainsworth
62.1%
George Hainsworth
62.1%
George Hainsworth
62.1%
Elmer Lach
61.8%
Jaroslav Halak
61.3%
Mario Tremblay
60.5%
Mario Tremblay
60.5%
% Correct
J.C. Tremblay
60.3%
Pierre Turgeon
58.2%
Pierre Turgeon
58.2%
Pierre Turgeon
58.2%
Tomas Plekanec
56.7%
Gump Worsley
54.7%
Jocelyn Thibault
54.5%
Cristobal Huet
54.5%
Aurele Joliat
51.8%
Joe Malone
50.5%
Joe Malone
50.5%
Newsy Lalonde
48.8%
Newsy Lalonde
48.8%
Bill Durnan
48.7%
Bill Durnan
48.7%
Bill Durnan
48.7%
Bill Durnan
48.7%
Patrice Brisebois
47.5%
Jacques Laperriere
47.4%
Jacques Laperriere
47.4%
Shayne Corson
47.3%
Jeff Hackett
43.6%
Jeff Hackett
43.6%
Michel Larocque
43.1%
John Ferguson
42.9%
Claude Provost
41%
Brian Bellows
40.5%
Pierre Larouche
40.4%
Pierre Larouche
40.4%
Mathieu Schneider
39.7%
Yvon Lambert
39.4%
Petr Budaj
38.1%
Petr Budaj
38.1%
Lyle Odelein
36.6%
Russ Courtnall
34.9%
Bobby Rousseau
34.6%
Pierre Mondou
34.4%
Brian Hayward
33.2%
Doug Risebrough
32.7%
Michael Cammalleri
30.6%
Charlie Hodge
30.3%
Charlie Hodge
30.3%
Charlie Hodge
30.3%
Charlie Hodge
30.3%
Mark Napier
30.2%
Mike Condon
29.6%
Gerry McNeil
29.2%
Gerry McNeil
29.2%
Gerry McNeil
29.2%
Gerry McNeil
29.2%
Sprague Cleghorn
27.9%
Odie Cleghorn
27.9%
Martin Rucinsky
27.9%
Jimmy Roberts
27.7%
Stephan Lebeau
26.4%
Mark Hunter
26.3%
Billy Boucher
25.6%
Benoit Brunet
25.3%
Marc-Andre Bergeron
24.3%
Kjell Dahlin
22.2%
Wilf Cude
21.4%
Wilf Cude
21.4%
Didier Pitre
21.1%
Paul Byron
20.3%
Gaston Gingras
19.1%
Bert Corbeau
12.9%

You're not logged in!

Compare scores with friends on all Sporcle quizzes.
OR
Log In

You Might Also Like...

Show Comments

Extras

Top Quizzes Today


Score Distribution

Your Account Isn't Verified!

In order to create a playlist on Sporcle, you need to verify the email address you used during registration. Go to your Sporcle Settings to finish the process.

Report this User

Report this user for behavior that violates our Community Guidelines.

Details: